| Tag |
First Indicator |
Second Indicator |
Subfields |
| LEADER |
00000cam a2200000 a 4500 |
| 001 |
in00002786661 |
| 005 |
20211120170334.0 |
| 006 |
m o d f |
| 007 |
cr mn||||||||| |
| 008 |
121010s2012 dcud ob f000 0 eng c |
| 035 |
|
|
|a (OCoLC)ocn812456483
|
| 040 |
|
|
|a ELC
|c ELC
|d ELC
|d OCLCO
|d GPO
|d MvI
|d UtOrBLW
|
| 042 |
|
|
|a pcc
|
| 043 |
|
|
|a n-us---
|
| 049 |
|
|
|a WWW
|
| 074 |
|
|
|a 0484-E-03 (online)
|
| 086 |
0 |
|
|a EP 6.58:L 82/2
|
| 088 |
|
|
|a EPA-420-B-12-040
|
| 245 |
0 |
0 |
|a Logistics partner 2.0.11 tool :
|b technical documentation 2011 data year--United States version /
|c Transportation and Climate Division, Office of Transportation and Air Quality, U.S. Environmental Protection Agency.
|
| 246 |
3 |
0 |
|a Technical documentation 2011 data year--United States version
|
| 264 |
|
1 |
|a [Washington, D.C.] :
|b Transportation and Climate Division, Office of Transportation and Air Quality, U.S. Environmental Protection Agency,
|c [2012]
|
| 300 |
|
|
|a 1 online resource (22 pages) :
|b charts (some color)
|
| 336 |
|
|
|a text
|b txt
|2 rdacontent
|
| 337 |
|
|
|a computer
|b c
|2 rdamedia
|
| 338 |
|
|
|a online resource
|b cr
|2 rdacarrier
|
| 500 |
|
|
|a Title from PDF title screen (viewed Oct. 10, 2012).
|
| 500 |
|
|
|a "Smartway Transport Partnership."
|
| 500 |
|
|
|a "June 2012."
|
| 504 |
|
|
|a Includes bibliographical references.
|
| 500 |
|
|
|a "EPA-420-B-12-040."
|
| 500 |
|
|
|a Electronic resource.
|
| 610 |
2 |
0 |
|a SmartWay Transport Partnership Program (U.S.)
|
| 650 |
|
0 |
|a Trucks
|x Fuel consumption.
|
| 650 |
|
0 |
|a Commercial vehicles
|x Motors
|x Exhaust gas.
|
| 650 |
|
0 |
|a Greenhouse gas mitigation
|x Government policy
|z United States.
|
| 650 |
|
0 |
|a Transportation
|x Environmental aspects
|z United States.
|
| 710 |
1 |
|
|a United States.
|b Environmental Protection Agency.
|b Transportation and Climate Division.
|
| 856 |
4 |
0 |
|u https://purl.fdlp.gov/GPO/gpo29061
|t 0
|
| 999 |
|
|
|a MARS
|
| 999 |
f |
f |
|s 2aa5a3ff-bf14-3851-828b-cdc75e0d4dcd
|i 01b66e2c-ca5b-3c60-b20c-930652e5894d
|t 0
|
| 952 |
f |
f |
|a Texas A&M University
|b College Station
|c Electronic Resources
|d Available Online
|t 0
|e EP 6.58:L 82/2
|h Superintendent of Documents classification
|
| 998 |
f |
f |
|a EP 6.58:L 82/2
|t 0
|l Available Online
|